Steve Martin - Roles by Picture - Statistics

General Stats
  • This quiz has been taken 8 times
  • The average score is 8 of 48
Answer Stats
Picture Answer % Correct
Charles-Haden Savage
63%
George Banks
38%
Insp. Jacques Clouseau
38%
Tom Baker
38%
C.D. Bales
25%
Hotep
25%
MSgt. Ernest G. Bilko
25%
Navin R. Johnson
25%
Neal Page
25%
Ray Patterson
25%
Adam Schaffer
13%
Archie Gizmo
13%
Arthur Parker
13%
Barry Waterman
13%
Bobby Bowfinger
13%
Captain Smek
13%
Davis
13%
Dr. Maxwell Edison
13%
Dr. Michael Hfuhruhurr
13%
Fabio Longio
13%
Frank Sangster
13%
Freddy Benson
13%
Gavin Volure
13%
Gilbert 'Gil' Buckman
13%
Harris K. Telemacher
13%
Henry Clark
13%
Insolent Waiter
13%
Jimmy Dell
13%
Jonas Nightengale / Jack Newton
13%
Larry Hubbard
13%
Lucky Day
13%
Michael McCann
13%
Mr. Chairman
13%
Newton Davis
13%
Norm Oglesby
13%
Orin Scrivello, DDS
13%
Peter Sanderson
13%
Philip
13%
Rags the Dog
13%
Ray Porter
13%
Rigby Reardon
13%
Roger Cobb
13%
Roger Stone
13%
Rusty DeClure
13%
Steven, the Waiter
13%
Stu Preissler
13%
The Brother
13%
Vincent 'Vinnie' Antonelli
13%
No matching quizzes found
Score Distribution
Percent of People with Each Score
Percentile by Number Answered
Your Score History
You have not taken this quiz